00381nam a2200121Ia 45000010005000000080041000050820027000461000059000732450037001322600048001699010027002179990015002444595241024s9999 xx 000 0 und d aRD/374/IN59m/2014-2016 aRepública Dominicana. Instituto Politécnico Loyola 0aMemoria institutcional 2014-2016 bSan Cristobal, República Dominicanac2016 a8/3/2017 11:31:20 a.m. c8459d8459